Statistics for No Visa Required

Click here to take the quiz!

General Stats

  • This quiz has been taken 89 times
  • The average score is 34 of 39

Answer Stats

Countries% Correct
Japan
96%
United Kingdom
96%
Australia
94%
Finland
94%
France
94%
New Zealand
94%
Norway
94%
Spain
94%
Sweden
94%
Germany
93%
Italy
93%
Portugal
93%
Belgium
91%
Poland
91%
Denmark
90%
Ireland
90%
Singapore
90%
South Korea
90%
Andorra
88%
Austria
88%
Greece
88%
Luxembourg
88%
Netherlands
88%
Switzerland
87%
Chile
85%
Iceland
85%
Estonia
84%
Latvia
84%
Lithuania
84%
Slovakia
84%
Hungary
83%
Slovenia
83%
Czech Republic
82%
Liechtenstein
80%
Monaco
80%
Taiwan
80%
Malta
78%
San Marino
78%
Brunei
55%

Score Distribution

Percentile by Number Answered

Percent of People with Each Score

Your Score History

You have not taken this quiz